Romance with radicalism : (Record no. 516975)

000 -LEADER
fixed length control field 00384nam a22001217a 4500
082 ## - DEWEY DECIMAL CLASSIFICATION NUMBER
Classification number TNC T19x54 G237
100 ## - MAIN ENTRY--PERSONAL NAME
Personal name Gaur, Mandan
9 (RLIN) 23851
245 ## - TITLE STATEMENT
Title Romance with radicalism :
Remainder of title A critique on India's economic policy
Statement of responsibility, etc by Mandan Gaur
260 ## - PUBLICATION, DISTRIBUTION, ETC. (IMPRINT)
Place of publication, distribution, etc Bombay
Name of publisher, distributor, etc P.P.S.I.
Date of publication, distribution, etc 1992
300 ## - PHYSICAL DESCRIPTION
Extent 276p.
650 ## - SUBJECT ADDED ENTRY--TOPICAL TERM
Topical term or geographic name as entry element India - Economic policy
9 (RLIN) 26031
650 ## - SUBJECT ADDED ENTRY--TOPICAL TERM
Topical term or geographic name as entry element India - Economic conditions
9 (RLIN) 26032
Holdings
Withdrawn status Lost status Source of classification or shelving scheme Damaged status Koha normalized classification for sorting Not for loan Permanent location Current location Date acquired Full call number Barcode Date last seen Price effective from Koha item type
        TNC_T19X54_G237   Indian Institute of Public Administration Indian Institute of Public Administration 2021-03-31 TNC T19x54 G237 GR23735 2021-03-31 2021-03-31 GR

Powered by Koha